01234aam a2200301 450000100060000000300100000600500170001600800410003302000180007404000470009204100080013908200240014710000260017124500860019726400500028326400110033330000250034433600220036933700190039133800210041050000400043150502740047156300140074565000160075994200070077595201330078299900170091519408CO-MdFUSB20190202100350.0170504t1988 enk||||f |||| 00| 0 eng d a0-232-51781-9 aCO-MdFUSBbspacCO-MdFUSBdCO-MdFUSBCerda aeng 224aG 231.7bAL421p1 aAllchin, A. M.eautor10aParticipation in Godb: A forgotten strand in Anglican traditionc/ A. M. Allchin 1aLondon : bDarton, Longman and Todd,c℗1988 4c©1988 a85 páginasb: c;  2rdacontenta1ba1 2rdamediaa2b5 2rdacarriera2b5 aIncluye índice (páginas: 83-85)00aEl misterio de la unión eterna: Richard Hooker y Lancelot Andrewes - Hombre como Dios y Dios como hombre: Charles Wesley y Williams Pantycelyn - Una vida que pertenece a él y a ellos: E. B. Pusey y el Movimiento de Oxford - La coherencia entre lo humano y lo divino aRústico 7aDios29178 cBK 00102ddc40708GENaFUSBCbFUSBCd2015-04-13l0oG 231.7 AL421pp19464r2019-12-12 00:00:00tEj. 1w2016-01-26yBKB0IINV2023 c45773d45773